| 000 -LEADER | |
|---|---|
| fixed length control field | 00395nam a22001697a 4500 |
| 005 - DATE AND TIME OF LATEST TRANSACTION | |
| control field | 20260106163553.0 |
| 008 - FIXED-LENGTH DATA ELEMENTS--GENERAL INFORMATION | |
| fixed length control field | 160629b xxu||||| |||| 00| 0 eng d |
| 020 ## - INTERNATIONAL STANDARD BOOK NUMBER | |
| ISBN | 978-5014-314-8 |
| 041 ## - LANGUAGE CODE | |
| Language code of text/sound track or separate title | eng |
| 082 ## - DEWEY DECIMAL CLASSIFICATION NUMBER | |
| Item number | 621.381 5 |
| 100 ## - MAIN ENTRY--AUTHOR NAME | |
| Personal name | Gupta, J.B |
| 245 ## - TITLE STATEMENT | |
| Title | Electronic Devices & Circuits |
| 260 ## - PUBLICATION, DISTRIBUTION, ETC. (IMPRINT) | |
| Name of publisher | Katson |
| Year of publication | 2012 |
| 300 ## - PHYSICAL DESCRIPTION | |
| Number of Pages | 1000 |
| 650 ## - SUBJECT ADDED ENTRY--TOPICAL TERM | |
| Topical Term | Diploma Engineering |
| 942 ## - ADDED ENTRY ELEMENTS (KOHA) | |
| Koha item type | Books |
| Lost status | Damaged status | Home library | Current library | Shelving location | Date acquired | Cost, normal purchase price | Full call number | Accession Number | Koha item type |
|---|---|---|---|---|---|---|---|---|---|
| JRU Library | SHELF-34-D | 29/06/2016 | 475.00 | 621.381 5 | 12881 | Books | |||
| JRU Library | 29/06/2016 | 475.00 | 621.381 5 | 12882 | Books | ||||
| JRU Library | 29/06/2016 | 475.00 | 621.381 5 | 12883 | Books | ||||
| JRU Library | SHELF-34-G | 29/06/2016 | 475.00 | 621.381 5 | 12884 | Books | |||
| JRU Library | 29/06/2016 | 475.00 | 621.381 5 | 12885 | Books | ||||
| JRU Library | 29/06/2016 | 475.00 | 621.381 5 | 12886 | Books | ||||
| JRU Library | SHELF-34-C | 29/06/2016 | 475.00 | 621.381 5 | 12887 | Books | |||
| JRU Library | 29/06/2016 | 475.00 | 621.381 5 | 12888 | Books | ||||
| JRU Library | 29/06/2016 | 475.00 | 621.381 5 | 12889 | Books | ||||
| JRU Library | 29/06/2016 | 475.00 | 621.381 5 | 12890 | Books | ||||
| JRU Library | SHELF-34-C | 29/06/2016 | 475.00 | 621.381 5 | 12891 | Books | |||
| JRU Library | 29/06/2016 | 475.00 | 621.381 5 | 12892 | Books | ||||
| JRU Library | 29/06/2016 | 475.00 | 621.381 5 | 12893 | Books | ||||
| JRU Library | 29/06/2016 | 475.00 | 621.381 5 | 12894 | Books | ||||
| JRU Library | 29/06/2016 | 475.00 | 621.381 5 | 12895 | Books | ||||
| JRU Library | SHELF-34-B | 29/06/2016 | 475.00 | 621.381 5 | 12896 | Books | |||
| JRU Library | SHELF-34-B | 29/06/2016 | 475.00 | 621.381 5 | 12897 | Books |